Marco de referencia para un programa de investigación en temas de ciencia y tecnología en la América Latina (Registro nro. 24380)
[ vista simple ]
| 000 -LEADER | |
|---|---|
| fixed length control field | 00436 a2200121 4500 |
| 001 - CONTROL NUMBER | |
| control field | ART_8567 |
| 005 - DATE AND TIME OF LATEST TRANSACTION | |
| control field | 20260410161844.0 |
| 008 - FIXED-LENGTH DATA ELEMENTS--GENERAL INFORMATION | |
| fixed length control field | 260409a |
| 100 1# - MAIN ENTRY--PERSONAL NAME | |
| Personal name | Cibotti, Ricardo |
| 245 10 - TITLE STATEMENT | |
| Title | Marco de referencia para un programa de investigación en temas de ciencia y tecnología en la América Latina |
| 700 1# - ADDED ENTRY--PERSONAL NAME | |
| Personal name | Katz, Jorge M. |
| 773 0# - HOST ITEM ENTRY | |
| Title | El trimestre económico |
| Related parts | - Vol. XLV, Nº 177 (ene./mar. 1978) |
| Record control number | REV6933 |
No hay ítems disponibles.